Statistics for A to Z Best Sellers in Gaming History

Click here to take the quiz!

General Stats

  • This quiz has been taken 141 times
  • The average score is 3 of 26

Answer Stats

LetterAnswer% Correct
BBattlefield 3
55%
MMinecraft
35%
TTetris
28%
PPokemon
28%
HHalo 3
22%
WWii Sports
19%
CCall of Duty: Modern Warfare 2
17%
GGrand Theft Auto V
17%
SSuper Mario Brothers
10%
FFinal Fantasy VII
6%
RResident Evil
6%
DDiablo 3
3%
QQbert
2%
KKinect Adventures
2%
LLegend of Zelda: Ocarina of Time
2%
EElder Scrolls V: Skyrim
2%
XX-Men
1%
IInfamous
1%
NNew Super Mario Brothers
1%
YYu-Gi-Oh Duel Monsters IV
0%
AAnimal Crossing: Wild World
0%
VVirtua Fighter 2
0%
UUncharted 3: Drake's Deception
0%
OOrange Box
0%
JJust Dance 2
0%
ZZelda II: The Adventure of Link
0%

Score Distribution

Percentile by Number Answered

Percent of People with Each Score

Your Score History

You have not taken this quiz